Statistiken für Fußball: Die Meister der 4 höchsten deutschen Spielklassen 2023

Klicken Sie hier um das Quiz zu spielen!

Allgemein

  • Dieses Quiz wurde 869 mal gespielt
  • Das Durchschnittsergebnis liegt bei 5 aus 8

Antwortstatistiken

LigaMeister% Korrekt
1. BundesligaBayern München
100%
2. Bundesliga1. FC Heidenheim
92%
3. LigaSV Elversberg
73%
RL BayernSpVgg Unterhaching
51%
RL WestPreußen Münster
47%
RL NordVfB Lübeck
47%
RL NordostEnergie Cottbus
45%
RL SüdwestSSV Ulm 1846
45%

Verteilung der Resultate

Perzentil nach korrekt beantworteten Fragen

Anzahl Personen mit jedem Resultat

Ihre Resultats-Entwicklung

Sie haben dieses Quiz noch nicht gespielt